00000000nam##2200000za#4500
0019.534456
003CaOODSP
00520200327074734
007ta
008150406|2001||||xxc|||||     f|0| 0 eng|d
020 |a0-660-61511-8
040 |aCaOODSP|beng
041 |aeng
041 |afre
043 |an-cn---
0861 |aBT31-2/2002-III-84
1101 |aCanada. |bTreasury Board.
24510|aRCMP - Public Complaints Commission
260 |aOttawa - Ontario : |bTreasury Board of Canada Secretariat |c2001.
300 |aEnglish text, 11p. : |borganization chart, tables ; |c28 cm.
4901 |a2001-2002 estimates, part III: report on plans and priorities
546 |aBilingual
563 |aSoftcover
590 |a01-14|b2001-04-06
69007|aEstimates|2gcpds
7760#|tCommission for Public Complaints Against the Royal Canadian Mounted Police, 2001-2002 estimates, part III - report on plans and priorities |w(CaOODSP)9.568653
7760#|tCommission des plaintes du public contre la Gendarmerie Royale du Canada, budget des dépenses 2001-2002, partie III - rapport sur les plans et les priorités |w(CaOODSP)9.599923
792 |tCommission des plaintes du public contre la GRC |efre|w(CaOODSP)9.534457
830#0|a2001-2002 estimates, part III: report on plans and priorities.|w(CaOODSP)9.508966